| 000 | 00393 a2200133 4500 | ||
|---|---|---|---|
| 001 | 91394 | ||
| 082 | _aPR 1289 | ||
| 090 |
_c43524 _d43523 |
||
| 100 | _aMahmood Raza Abbas; Prof Wajid Ali Chishti and Saleem-ur-Rehman (Advisors) | ||
| 245 |
_aModelling of a Logistic Forecasting System _n49 "A" EC |
||
| 260 |
_aKarachi _bNED University _c1998 |
||
| 300 | _a55p | ||
| 500 | _aBE Project Reports | ||
| 942 |
_aCAE NUST _kPR 1289 |
||
| 999 |
_c326467 _d326467 |
||